000 00299nam a2200109Ia 4500
008 200302s9999 xx 000 0 und d
100 _aMartin David Dubin A.I.A
245 _aArchitectural Supervision of Modern Buildings
260 _bReinhold Publishing Corporation
260 _c1963
300 _a304 P.,
999 _c97
_d97